| 000 | 00587nam a2200229Ia 4500 | ||
|---|---|---|---|
| 003 | OSt | ||
| 005 | 20220927112543.0 | ||
| 006 | a|||||r|||| 00| 0 | ||
| 007 | ta | ||
| 008 | 220926b |||||||| |||| 00| 0 eng d | ||
| 024 | _a152368 | ||
| 037 | _cReports | ||
| 040 |
_aRTL _cRTL _beng |
||
| 041 |
_2eng _aeng |
||
| 082 | _a"X755.44Q7.N5, K2/GD" | ||
| 110 | _a"Pakistan, Finance (M/O-)" | ||
| 245 | 0 | _aForeign economic aid | |
| 300 |
_a118p. _ccm. |
||
| 700 | _a"Pakistan, Finance (M/O-)" | ||
| 942 |
_h"X755.44Q7.N5, K2/GD" _cCC |
||
| 999 |
_c700376 _d700376 |
||